RICS offers free ombudsman membership (Record no. 67257)
[ view plain ]
| 000 -LEADER | |
|---|---|
| fixed length control field | 00868cam a2200205 4500 |
| 001 - CONTROL NUMBER | |
| control field | WB3722-15 |
| 008 - FIXED-LENGTH DATA ELEMENTS--GENERAL INFORMATION | |
| fixed length control field | 000000n2001 000 0 eng u |
| 035 ## - SYSTEM CONTROL NUMBER | |
| System control number | (Sirsi) u112976 |
| 245 ## - TITLE STATEMENT | |
| Title | RICS offers free ombudsman membership |
| 260 ## - PUBLICATION, DISTRIBUTION, ETC. | |
| Date of publication, distribution, etc. | 2001 |
| 490 ## - SERIES STATEMENT | |
| Series statement | RICS Press Release |
| Volume/sequential designation | (pr075) 5 June 2001, (2) |
| 520 ## - SUMMARY, ETC. | |
| Summary, etc. | The RICS is promoting a special offer of free membership to the Estate Agent Ombudsman Scheme to its members in the property sector. The scheme provides independent, impartial and free complaints handling process for house buyers and sellers who are unhappy with the service provided by their property professional. |
| 590 ## - LOCAL NOTE (RLIN) | |
| Local note | WB |
| 650 ## - SUBJECT ADDED ENTRY--TOPICAL TERM | |
| Topical term or geographic name entry element | RICS |
| 650 ## - SUBJECT ADDED ENTRY--TOPICAL TERM | |
| Topical term or geographic name entry element | PROPERTY PROFESSIONALS |
| 650 ## - SUBJECT ADDED ENTRY--TOPICAL TERM | |
| Topical term or geographic name entry element | ESTATE AGENTS OMBUDSMAN |
| 650 ## - SUBJECT ADDED ENTRY--TOPICAL TERM | |
| Topical term or geographic name entry element | PROPERTY SECTOR |
| 690 ## - LOCAL SUBJECT ADDED ENTRY--TOPICAL TERM (OCLC, RLIN) | |
| Topical term or geographic name as entry element | MANAGEMENT-BUSINESS MANAGEMENT-PROFESSIONAL PRACTICE |
| 942 ## - ADDED ENTRY ELEMENTS (KOHA) | |
| Suppress in OPAC | 0 |
| Withdrawn status | Lost status | Source of classification or shelving scheme | Damaged status | Not for loan | Home library | Current library | Shelving location | Date acquired | Total Checkouts | Full call number | Barcode | Date last seen | Copy number | Price effective from | Koha item type |
|---|---|---|---|---|---|---|---|---|---|---|---|---|---|---|---|
| Dewey Decimal Classification | London | London | News article | 06/06/2001 | WB3722-15 | 112976-1001 | 06/08/2019 | 1 | 06/08/2019 | News article |